El FMI y el Banco Mundial contra el cambio climático
Shranjeno v:
| Format: | Texto |
|---|---|
| Teme: | |
| Oznake: |
Označite
Brez oznak, prvi označite!
|
MARC
| LEADER | 00000 a a2200000 04500 | ||
|---|---|---|---|
| 001 | 8142 | ||
| 003 | |||
| 040 | |||
| 245 | |a El FMI y el Banco Mundial contra el cambio climático | ||
| 650 | |a CAMBIOS CLIMATICOS | ||
| 650 | |a BANCO MUNDIAL | ||
| 650 | |a FMI | ||
| 773 | |g volumen 36; páginas 64 | ||
| 999 | |c 26276 |d 26276 | ||
